10 to 1: Rugby Quiz Stats

Quiz not verified by Sporcle

Challenge
Share
Tweet
Embed
Score 0/55 Timer 06:00
1 Play Today
% Correct
Australia
96.5%
England
95.1%
Wales
93.8%
Scotland
93.3%
Fiji
91.5%
Papua New Guinea
91.5%
Fullback
91%
Jamaica
90.7%
Hooker
90.7%
Left Wing
90.6%
All Blacks
90.3%
Fly-Half
90.2%
Cook Islands
89.8%
Wallabies
89.3%
Ukraine
88.8%
Springboks
88.8%
Jonny Wilkinson
88.3%
Inside Centre
87.7%
Eagles
87.1%
Openside Flanker
87.1%
Re-mortgage Their House
86.8%
Scrum Half
86.4%
Sell Souvenirs
86%
Drop Goal
85.9%
Arana Taumata
85.9%
Penalty Goal
85.7%
Lebanon
85.5%
Penalty Try
85.3%
% Correct
Mike Tindall
84.8%
Fred Ah Kuoi
84.6%
Converted Try
84.2%
Jason Leonard
84%
Matt Dawson
82.9%
Try
82.8%
Welwitschias
82.1%
Tighthead Prop
81.7%
Lock
81.5%
Wairangi Koopu
81.2%
Ruck
80.7%
Engage
80.4%
Lawrence Dallaglio
80.2%
Crouch
79.8%
Touch
79.7%
Tackle
79.6%
Phil Vickery
78.7%
Maul
78.6%
Bodene Thompson
78.6%
Pause
78%
Rangi Chase
74.6%
Zeb Luisi
69.6%
Harpastum
69.1%
Neil Back
68.7%
Kenny Bromwich
55.2%
Ben Ellis
48.7%
Ikale Tahi
39.3%

You're not logged in!

Compare scores with friends on all Sporcle quizzes.
Join for Free
OR
Log In

You Might Also Like...

Show Comments

Extras

Top Quizzes Today


Score Distribution

Your Account Isn't Verified!

In order to create a playlist on Sporcle, you need to verify the email address you used during registration. Go to your Sporcle Settings to finish the process.

Report this User

Report this user for behavior that violates our Community Guidelines.

Details: